书目信息 |
| 题名: |
电风扇原理与维修技术
|
|
| 作者: | 王伦 编 | |
| 分册: | ||
| 出版信息: | 北京 新时代出版社 1986.12 |
|
| 页数: | 162页 | |
| 开本: | 32开 | |
| 丛书名: | ||
| 单 册: | ||
| 中图分类: | TM925.11 | |
| 科图分类: | ||
| 主题词: | 日用电气器具 | |
| 电子资源: | ||
| ISBN: | 7-5042-0042-5 | |
| 000 | 00558nam0 2200193 45 | |
| 001 | 0003171520 | |
| 005 | 20000317155804.6 | |
| 010 | @a7-5042-0042-5@d2.30元 | |
| 100 | @a20000317d1986 km y0chiy0120 ea | |
| 101 | @achi | |
| 105 | @a z 000yy | |
| 200 | 1 | @a电风扇原理与维修技术@ADian Feng Shan Yuan Li Yu Wei Xiu Ji Shu@f王伦 编@FWang Lun Bian |
| 210 | @a北京@c新时代出版社@d1986.12 | |
| 215 | @a162页@d32开 | |
| 606 | 0 | @a日用电气器具 |
| 690 | @aTM925.11@v3 | |
| 701 | @a王伦@4编 | |
| 801 | @aCN@bPftUser@c20000317 | |
| 905 | @f1@b51118@dTM925.11@eW.709-1 | |
| 电风扇原理与维修技术/王伦 编.-北京:新时代出版社,1986.12 |
| 162页;32开 |
| ISBN 7-5042-0042-5:2.30元 |
| ● |
| 相关链接 |
|
|
|
正题名:电风扇原理与维修技术
索取号:TM925.11/W.709-1
 
预约/预借
| 序号 | 登录号 | 条形码 | 馆藏地/架位号 | 状态 | 备注 |
| 1 | 51118 | 200511188 | 自科库301/301自科库 15排1列2层/ [索取号:TM925.11/W.709-1] | 在馆 |